Richest People in the World - Statistics

General Stats
  • This quiz has been taken 158 times
    25 since last reset
  • The average score is 5 of 15
Answer Stats
Hint Answer % Correct
490B Elon Musk (Tesla, SpaceX)
100%
250B Mark Zuckerberg (Meta)
78%
236B Jeff Bezos (Amazon)
74%
215B Larry Page (Google)
52%
185B Bernard Arnault & Family (LVMH)
39%
145B Warren Buffet (Berkshire Hathaway)
39%
350B Larry Ellison (Oracle)
30%
200B Sergey Brin (Google)
17%
130B Amancio Ortega (Zara)
13%
160B Jensen Huang (NVIDIA)
13%
150B Michael Dell (Dell Technologies)
9%
115B Alice Walton and Family (Walmart)
4%
122B Jim Walton and Family (Walmart)
4%
125B Rob Walton and Family (Walmart)
4%
155B Steve Ballmer (Microsoft)
4%
No matching quizzes found
Score Distribution
Percent of People with Each Score
Percentile by Number Answered
Your Score History
You have not taken this quiz since the last reset